000 00288nam a2200133Ia 4500
100 _aMhala/Aniket
942 _cBK
654 _aProgramming
245 _aComputer Programming II
260 _bNirali prakashan
_aPune
_c2002
082 _a5.133
_bMHA
300 _a639
546 _aENGLISH
999 _c19084
_d19084